Регионална библиотека "Любен Каравелов" - Русе

Андрей Луканов без предразсъдъци (Запис номер 184121)

MARC детайли
000 -Лидер
Контролно поле с фиксирана дължина 02093nam a2200457 c 4500
003 - Код на организацията, давaща контролен номер
Контролно поле BLK
005 - Дата и час на последна редакция
Контролно поле 20240718130626.0
008 - Елементи от данни с фиксирана дължина
fixed length control field 180411b bul|||||r ||||||| ||bul||
010 ## - Наследен системен номер
LC control number KNG00193073000
020 ## - Международен стандартен номер на книга ISBN
Международен стандартен номер на книга ISBN 978-954-28-2171-7
-- издат.: Сиела Норма
040 ## - Източник на каталожния запис
Идентификатор на билиотеката - собственик на записа BLK
041 ## - Код за език
Код за езика на текст/звукозапис или на отделно заглавие Български
Код за езика КДБФ Български
072 #7 - Код за тематичната категория
Код организация bullib
Код за тематична категория Н32
Текст Политика Н
080 ## - УДК
Текстов определител УДК Вътрешна политика. Вж и 329
УДК код - определител по УДК 323
УДК определител (497.2)(092)
УДК - код + определител 323(497.2)(092)
080 ## - УДК
Текстов определител УДК Българска литература
УДК код - определител по УДК 821.163.2
УДК определител -8
УДК - код + определител 821.163.2-8
080 ## - УДК
Текстов определител УДК Български политик, министър-председател
УДК код - определител по УДК 929 Луканов, Андрей Карлович
УДК определител
УДК - код + определител 929 Луканов, Андрей Карлович
100 1# - Редна дума - Автор
Автор Луканов, Андрей Карлов
Авторска отговорност първи автор
R(LIN) 277535
139 ## - Редно поле
Редна дума Андрей Луканов без предразсъдъци
Авторски знак Андр - А 66
245 10 - Сведения за заглавието
Заглавие Андрей Луканов без предразсъдъци
Подзаглавни данни 20 години по-късно
Редно поле (дума) Андрей Карлов Луканов; предг. от Кънчо Марков Стойчев.
257 ## - Страна на издаване
Страна на създаване/издаване България
260 ## - Област на издателските данни
-- София
Име на издателя, разпространителя и проч. Сиела Норма
Година на издаване 2016
Печатница София : Алианс принт
300 ## - Физическа характеристика
Страници 304 с., 4 л.
Илюстрации и др. сн.
Размери/Мащаб 23 см
380 ## - Жанр
Жанр Обществени науки
600 14 - Име на лице, използвано като предмет
За него / За нея Луканов, Андрей Карлович
9 (RLIN) 252480
650 #4 - Допълнително описание по предмет – тема
Основно описание – тема или топоним Луканов, Андрей Карлович
9 (RLIN) 252480
650 #4 - Допълнително описание по предмет – тема
Основно описание – тема или топоним Политици, български - биографии
9 (RLIN) 250984
651 #4 - Допълнително описание по предмет - топоним
Географско понятие България
9 (RLIN) 241624
653 ## - Ключова дума – ненормативна
Ключова дума Андрей Луканов
653 ## - Ключова дума – ненормативна
Ключова дума български политици
653 ## - Ключова дума – ненормативна
Ключова дума интервюта
653 ## - Ключова дума – ненормативна
Ключова дума статии
653 ## - Ключова дума – ненормативна
Ключова дума писма
659 ## - Тематичен бюлетин
Тематичен бюлетин Н
700 1# - Други автори (авторска отговорност)
Лично име Стойчев, Кънчо Марков
Автороска отговорност (Описва отношението между автора и произведението) предг. от
9 (RLIN) 384117
852 ## - Местоположение
Форматна сигнатура Цб 282718
856 4# - Електронен адрес и достъп
Електронен формат pdf - файл
Път до файла /url/
856 4# - Електронен адрес и достъп
Електронен формат pdf - файл
Път до файла /url/
942 ## - АРТИКУЛИ
Вид на библиотечния материал Книги
Скрит в OPAC Не
Koha issues (borrowed), all copies 4
944 ## - СЪЗДАВАНЕ И РЕДАКЦИЯ на ЗАПИСА
Създаване/Редакция Създаване
Дата на регистрацията/редакция 14.10.2016
Статус, дата на статуса Цветелина Шанова
Служител, извършил регистрацията/редакцията 30531
944 ## - СЪЗДАВАНЕ И РЕДАКЦИЯ на ЗАПИСА
Създаване/Редакция Редакция
Дата на регистрацията/редакция 24.03.2017
Статус, дата на статуса ф /
Служител, извършил регистрацията/редакцията Людмила_Стоянова
999 ## - СИСТЕМНИ КОНТРОЛНИ НОМЕРА
Koha biblionumber 184121
Koha biblioitemnumber 184121
Наличности
Код за отписване Код за изгубен артикул Код за повреда Коз за рестрикции Код за отдаване Артикулен № Име на библиотеката - собственик Име на библиотеката, в която се намира в момента Статус (Текущо местоположение) Дата на вписване в системата Местоположение - отдел Цена в лева Инвентарен номер Систематично азбучна сигнатура Баркод Номер на екземпляра Цена в евро Служебна бележка Служебен тип на артикула
  Не е изгубен Не е повреден без рестрикции заемане за дома 317960 Регионална библиотека "Любен Каравелов" Русе Регионална библиотека "Любен Каравелов" Русе Заемна - подръчен фонд 2016-10-14 Заемна - подръчен фонд 12.48 120000804781 П 323(497.2)(092)/Л 86 120000804781 1 6.38 Дост: Pk Вид: Ф N: 735 Дата: 12.10.2016 Дата инв: 02.02.2018 Бележки инв: П2018 Книги
  Не е изгубен Не е повреден без рестрикции заемане за дома 317961 Регионална библиотека "Любен Каравелов" Русе Регионална библиотека "Любен Каравелов" Русе Заемна - подръчен фонд 2017-03-14 Заемна - подръчен фонд 8.00 120000808826 П 323(497.2)(092)/Л 86 120000808826 2 4.09 Дост: Pk Вид: Ф N: 1608 Дата: 03.03.2017 Дата инв: 02.02.2018 Бележки инв: П2018 Книги
Vip Innovations Ltd, Rousse, Bulgaria 2025